Biologie der Abwasserreinigung /

Na minha lista:
Detalhes bibliográficos
Main Authors: Mudrack, Klaus (Author), Kunst, Sabine (Author)
Formato: Livro
Idioma:alemão
Publicado em: Stuttgart : VEB Gustav Fischer Verlag, 1988
Tags: Adicionar Tag
Sem tags, seja o primeiro a adicionar uma tag!

MARC

LEADER 00000nam a22000003a 4500
001 stu29328
005 20150617225738.4
008 950613s1988----gw------------------ger-d
040 |a STU  |b slo 
041 0 |a ger 
044 |a gw 
080 |a 556.315 
080 |a 628 
100 1 |a Mudrack, Klaus  |4 aut 
245 1 |a Biologie der Abwasserreinigung /  |c [aut]Mudrack,Klaus;Kunst,Sabine 
260 |a Stuttgart :  |b VEB Gustav Fischer Verlag,  |c 1988 
300 |a 178 s 
700 1 |a Kunst, Sabine  |4 aut 
996 |c V*36265/O-15119  |l VV17  |s P  |a 0  |w stu29328_0001